Państwa dawnego ZSRR - nagła śmierć - Statystyki

Ogólne statystyki
  • Ten quiz został rozwiązany 223 razy
  • Średni wynik to 10 z 15
Answers on the Grid
Answers color-coded by a green-red scale on the quiz's grid according to % correct below.
Afganistan
Armenia
Azerbejdżan
Białoruś
Bułgaria
Estonia
Finlandia
Gruzja
Iran
Kazachstan
Kirgistan
Korea Północna
Litwa
Łotwa
Mołdawia
Mongolia
Naddniestrze
Pakistan
Polska
Rosja
Rumunia
Szwecja
Tadżykistan
Turcja
Turkmenistan
Ukraina
Uzbekistan
Węgry
 
Statystyki odpowiedzi
Odpowiedź % Poprawnych
Białoruś
88%
Armenia
83%
Azerbejdżan
80%
Litwa
78%
Estonia
77%
Gruzja
75%
Łotwa
74%
Kazachstan
72%
Kirgistan
68%
Mołdawia
61%
Rosja
58%
Ukraina
54%
Turkmenistan
53%
Uzbekistan
51%
Tadżykistan
50%
Nie znaleziono quizów pasujących do podanych kryteriów
Rozkład punktacji
Procent ludzi z każdym wynikiem
Percentyl według liczby udzielonych odpowiedzi
Twoja historia wyników
Nie rozwiązałeś tego quizu